000 00377cam a22001337a 4500
008 180718b1961 xxu||||| |||| 00| 0 eng d
082 _aA6x611 An86
100 _aAnthony, John
245 _aAbout Tunisia.
_cby John Anthony
260 _aLondon
_bGeoffrey Bles
_c1961
300 _a221p
650 _aTunisia -Social life and customs
650 _aTunisia -Description and travel
999 _c413072
_d413072